000 00265nam a22001337a 4500
008 181019b xxu||||| |||| 00| 0 eng d
020 _a131228129
041 _aeng
080 _a616.8
100 _a5
101 _aTRU
245 _aCerebral.P
942 _2udc
_cBK
999 _c50262
_d50262